Avances y obstc̀ulos en el fortalecimiento del estado en CentroAmřica y Repb︢lica Dominicana : un anl̀isis de la capacidad institucional, la reforma de la administracin̤ y la gestin̤ pb︢lica /

Detalles Bibliográficos
Autor Corporativo: Instituto Nacional de Administracin̤ Pb︢lica (Espanya)
Otros Autores: Parrado De̕z, Salvador
Formato: Libro
Lenguaje:español
Publicado: Madrid : Instituto Nacional de Administracin̤ Pb︢lica, 2007
Colección:Iberoamřica (Instituto Nacional de Administracin̤ Pb︢lica (Espanya))
Materias:
Acceso en línea:Acceso restringido

MARC

LEADER 00000nam a2200000 a 4500
005 20110705143145.0
008 070703s2007 sp |||||| o000 ||spa|c
017 |a DL M. 18909-2007 
020 |a 9788473512640 
035 |a 5540 
040 |d vLex 
090 |c 2168  |d 2168 
245 0 0 |a Avances y obstc̀ulos en el fortalecimiento del estado en CentroAmřica y Repb︢lica Dominicana :  |b un anl̀isis de la capacidad institucional, la reforma de la administracin̤ y la gestin̤ pb︢lica /  |c Salvador Parrado De̕z... [et al.]  |h [Recurso electrn̤ico] 
256 |a Servicio en ln̕ea. 
260 |a Madrid :  |b Instituto Nacional de Administracin̤ Pb︢lica,  |c 2007 
300 |a 271 p. :  |c 24 cm 
504 |a Bibliografa̕ p. 245-257 
506 1 |a Contenido solo disponible en los productos indicados  |d vLex Global  |d vLex Global (Academic Edition, excluding Law Schools)  |d vLex Global (U.S. Academic Edition, Law Schools)  |d vLex Global (U.S. Academic Edition, excluding Law Schools)  |d vLex Global (Academic Edition, Law Schools) 
650 0 7 |a Administraci ̤pb︢lica  |2 Tesauro vLex 
650 0 7 |a Administracin̤ General del Estado  |2 Tesauro vLex 
650 0 7 |a Gobierno  |2 Tesauro vLex 
700 1 |a Parrado De̕z, Salvador 
710 2 |a Instituto Nacional de Administracin̤ Pb︢lica (Espanya) 
740 0 |a vLex Libros (Servicio en ln̕ea) 
830 0 |a Iberoamřica (Instituto Nacional de Administracin̤ Pb︢lica (Espanya)) 
856 4 0 |u http://vlex.com/source/fortalecimiento-estado-centroamerica-republica-dominicana-5540  |z Acceso restringido 
942 |c BOOK